A finn oktatási rendszer eredményességének bemutatása a magyar rendszer tükrében
| Szerző: | |
|---|---|
| További közreműködők: | |
| Dokumentumtípus: | Diplomadolgozat |
| Kulcsszavak: | finn oktatási rendszer nevelés oktatási rendszer szakképzés társadalom |
| Online Access: | http://dolgozattar.uni-bge.hu/59463 |
MARC
| LEADER | 00000nta a2200000 i 4500 | ||
|---|---|---|---|
| 001 | dolg59463 | ||
| 005 | 20260409145108.0 | ||
| 008 | 260409suuuu hu om 000 hun d | ||
| 040 | |a BGE Dolgozattár Repozitórium |b hun | ||
| 041 | |a hu | ||
| 100 | 1 | |a Kiss Izabella | |
| 245 | 1 | 2 | |a A finn oktatási rendszer eredményességének bemutatása a magyar rendszer tükrében |c Kiss Izabella |h [elektronikus dokumentum] |
| 520 | 3 | |a Tanulmányomban a finn nemzetközi kompetencia mérések trendjeit vizsgáltam a 2011-2023 időszakban. Kutatásom célja az volt, hogy feltárjam a finn oktatási rendszer eredményeit és trendjeit nemzetközi kompetencia és készségfelmérések segítségével. Dolgozatomban megvizsgáltam, hogy Finnország milyen eredményeket produkált, valamint, hogy milyen hatásokat lehet azonosítani a fejlődés, illetve a romló tendencia mögött. Legfőbb nézőpontom az volt, hogy ezen trendek hogyan alakultak az ország eddigi eredményei és a többi tagországhoz képest.Az általam feltárt nemzetközi mérések eredményei is jól mutatják, hogy az elmúlt évtizedben felmért finn diákok eredményei alátámasztják az ország oktatási rendszerében esetlegesen felmerült problémákat. A teljesítményromlás egyértelműen kimutatható ezen mérések értékeiből. | |
| 695 | |a finn oktatási rendszer | ||
| 695 | |a nevelés | ||
| 695 | |a oktatási rendszer | ||
| 695 | |a szakképzés | ||
| 695 | |a társadalom | ||
| 700 | 1 | |a Popcsa Anna Mária |e ths | |
| 856 | 4 | 0 | |u http://dolgozattar.uni-bge.hu/59463/1/Szakdolgozat_Kiss_Izabella_2025.pdf |z Dokumentum-elérés |
| 856 | 4 | 0 | |u http://dolgozattar.uni-bge.hu/59463/2/Kiss%20Izabella_b%C3%ADr%C3%A1lat.pdf |z Dokumentum-elérés |
| 856 | 4 | 0 | |u http://dolgozattar.uni-bge.hu/59463/3/Kiss%20I.%20.pdf |z Dokumentum-elérés |